Musical Acts by State - Arkansas - Statistics

General Stats
  • This quiz has been taken 102 times
  • The average score is 4 of 30
Answer Stats
City/Town Songs Answer % Correct
Kingsland Ring Of Fire | I Walk The Line Johnny Cash
93%
Little Rock Bring Me To Life | My Immortal Evanescence
70%
Billstown Rhinestone Cowboy | Southern Nights Glen Campbell
63%
Forrest City Let's Stay Together | How Can You Mend A Broken Heart Al Green
38%
Camden Miss Independent | So Sick Ne-Yo
23%
Colt The Most Beautiful Girl | Behind Closed Doors Charlie Rich
20%
Black Oak Jim Dandy | Hot And Nasty Black Oak Arkansas
19%
Crawfordsville Disco Lady | Last Two Dollars Johnnie Taylor
11%
Jacksonville Live Like We're Dying | Lost Kris Allen
9%
Beaudry I Wanna Be A Cowboy's Sweetheart | I Didn't Know The Gun Was Loaded Patsy Montana
9%
Rogers Tequila Makes Her Clothes Fall Off | Sunny and 75 Joe Nichols
7%
De Queen Love, Me | That's My Story Collin Raye
6%
Lepanto Sweet Southern Comfort | Help Pour Out the Rain (Lacey's Song) Buddy Jewell
5%
Brinkley Is You Is or Is You Ain't My Baby | Caldonia Louis Jordan
5%
Saddle One Night Standards | A Little Dive Bar in Dahlonega Ashley McBryde
4%
Helena Drip Like This | Pop It Bankroll Freddie
4%
Hot Springs Angelina | The Poor House Billy Bob Thornton
4%
Fayetteville Wash Away | I Love The Rain The Most Joe Purdy
4%
Poyen Bait A Hoo | The Ones That Didn't Make It Back Home Justin Moore
4%
Elaine When I Go Away | Tennessee Jed Levon Helm
4%
Sparkman The Three Bells | The Old Lamplighter The Browns
4%
West Memphis My Mind | Evergreen Yebba
4%
Searcy I Wrote the Book | Fire Beth Ditto
2%
Little Rock Leave Me Alone | No Small Talk Kari Faux
2%
Pocahontas Red Hot | Flying Saucers Rock & Roll Billy Lee Riley
1%
Little Rock I Loved You First | Brokenhearted Joan
1%
Little Rock Movement 6 | Astral Travelling Pharoah Sanders
1%
Osceola Now That I'm Down | I Can't Hear Nothing But The Blues Son Seals
1%
Manila My Girl Josephine | Redneck Rock Jerry Jaye
0%
Huntsville Mary Lou | Forty Days Ronnie Hawkins
0%
No matching quizzes found
Score Distribution
Percent of People with Each Score
Percentile by Number Answered
Your Score History
You have not taken this quiz